[Event "DEM U10/U10w 2008"]
[Site "Willingen GER"]
[Date "2008.05.16"]
[Round "9"]
[White "Böhme, Mathis"]
[Black "Müller, Max"]
[Result "1-0"]
[Termination "normal"]
[Board "42"]
[WhiteElo "1019"]
[BlackElo "800"]
[PlyCount "115"]
[WhiteFideId "12900443"]
[BlackFideId "12900486"]
[EventCountry "GER"]
[EventRounds "11"]
[EventType "swiss"]
[EventDate "2008.05.10"]

1. e4 e5 2. f4 exf4 3. Nf3 Nf6 4. Nc3 Bc5 5. d4 Bb4 6. Bxf4 Nxe4 7. Qe2 O-O 8.
O-O-O Bxc3 9. Qxe4 d5 10. Qe5 Nc6 11. Qxc7 Qxc7 12. Bxc7 Bb4 13. c3 Be7 14. Re1
Re8 15. Bb5 a6 16. Bxc6 bxc6 17. Bd6 Ra7 18. Re5 f6 19. Re2 Rd7 20. Bc5 Kf8 21.
Rhe1 a5 22. Nh4 Ba6 23. Re3 g6 24. Re6 Bb5 25. Rxf6+ Kg7 26. Bxe7 Rdxe7 27.
Rxe7+ Rxe7 28. Rf2 Re1+ 29. Kc2 Re2+ 30. Rxe2 Bxe2 31. Kb3 Bd1+ 32. Ka3 Kf6 33.
b4 axb4+ 34. Kxb4 Be2 35. Nf3 Kf5 36. a4 Ke6 37. Kc5 Bxf3 38. gxf3 Kd7 39. Kb6
h5 40. Kb7 g5 41. a5 Kd6 42. a6 c5 43. a7 cxd4 44. cxd4 g4 45. a8=Q gxf3 46.
Qf8+ Ke6 47. Qxf3 Kd6 48. Qf6+ Kd7 49. Qc6+ Ke7 50. Qxd5 Kf6 51. Qe5+ Kg6 52.
h4 Kh6 53. Qg5+ Kh7 54. Kc7 Kh8 55. Kd7 Kh7 56. Ke7 Kh8 57. Kf7 Kh7 58. Qxh5#
1-0

[Event "DEM U10/U10w 2008"]
[Site "Willingen GER"]
[Date "2008.05.16"]
[Round "9"]
[White "Schramm, Anna-Lena"]
[Black "Döpper, Anna Berenice"]
[Result "0-1"]
[Termination "normal"]
[Board "43"]
[WhiteElo "780"]
[BlackElo "858"]
[PlyCount "52"]
[WhiteFideId "12918237"]
[BlackFideId "1271853"]
[EventCountry "GER"]
[EventRounds "11"]
[EventType "swiss"]
[EventDate "2008.05.10"]

1. e4 e6 2. Nc3 d5 3. f3 Nf6 4. e5 Nfd7 5. f4 Qh4+ 6. g3 Qd8 7. d4 c5 8. dxc5
Bxc5 9. Nf3 O-O 10. Bd3 d4 11. Na4 Nc6 12. Ng5 g6 13. g4 Qa5+ 14. c3 Qd8 15. f5
exf5 16. gxf5 Ndxe5 17. fxg6 Nxg6 18. Qh5 Qe7+ 19. Be2 f6 20. Nf3 Re8 21. O-O
Qxe2 22. Nxc5 d3 23. b4 b6 24. Nb3 Ba6 25. Bb2 Nf4 26. Qh6 Qg2# 0-1

[Event "DEM U10/U10w 2008"]
[Site "Willingen GER"]
[Date "2008.05.16"]
[Round "9"]
[White "Wallat, Jessica"]
[Black "Schröder, Janina"]
[Result "0-1"]
[Termination "normal"]
[Board "46"]
[WhiteElo "760"]
[BlackElo "738"]
[PlyCount "64"]
[WhiteFideId "12909637"]
[BlackFideId "24693138"]
[EventCountry "GER"]
[EventRounds "11"]
[EventType "swiss"]
[EventDate "2008.05.10"]

1. e4 e5 2. Nf3 Nc6 3. Bc4 Bc5 4. d3 Nf6 5. h3 d6 6. Ng5 O-O 7. O-O h6 8. Nf3
Be6 9. b3 Nd4 10. Nc3 Bb4 11. Bd2 c5 12. Nxd4 cxd4 13. Na4 Bxd2 14. Qxd2 Qd7
15. f3 b5 16. Bxe6 fxe6 17. Nb2 d5 18. Qf2 Rac8 19. Rac1 Qe7 20. Qg3 Qa3 21.
Nd1 Qxc1 22. Nf2 Qe3 23. Kh1 Qe2 24. Rd1 Rxc2 25. Ng4 Qxd1+ 26. Kh2 Nxg4+ 27.
Qxg4 Qxd3 28. Qxe6+ Rf7 29. exd5 Kf8 30. d6 Qe2 31. Kg3 Qxg2+ 32. Kh4 Qg5# 0-1

[Event "DEM U10/U10w 2008"]
[Site "Willingen GER"]
[Date "2008.05.17"]
[Round "11"]
[White "Schröder, Jan-Christian"]
[Black "Wolff, Christopher"]
[Result "1/2-1/2"]
[Termination "normal"]
[Board "1"]
[WhiteElo "1477"]
[BlackElo "1373"]
[PlyCount "52"]
[WhiteFideId "24662259"]
[EventCountry "GER"]
[EventRounds "11"]
[EventType "swiss"]
[EventDate "2008.05.10"]

1. e4 c5 2. Nf3 d6 3. d4 cxd4 4. Nxd4 Nf6 5. Nc3 g6 6. Be3 Bg7 7. f3 O-O 8. Bc4
Nc6 9. Qd2 Bd7 10. Bb3 Qa5 11. O-O-O Rfc8 12. Kb1 Ne5 13. h4 Nc4 14. Bxc4 Rxc4
15. Nb3 Qa6 16. e5 dxe5 17. Nc5 Qd6 18. Qe2 Qc6 19. Qxc4 b6 20. Nd5 Nxd5 21.
Qxd5 Qxd5 22. Rxd5 Bc6 23. Rdd1 bxc5 24. Bxc5 e6 25. Rhe1 a5 26. Bd6 f6 1/2-1/2

[Event "DEM U10/U10w 2008"]
[Site "Willingen GER"]
[Date "2008.05.17"]
[Round "11"]
[White "Peters, Tom"]
[Black "Sawlin, Leonid"]
[Result "1/2-1/2"]
[Termination "normal"]
[Board "2"]
[WhiteElo "1472"]
[BlackElo "1431"]
[PlyCount "36"]
[WhiteFideId "24694444"]
[BlackFideId "4689542"]
[EventCountry "GER"]
[EventRounds "11"]
[EventType "swiss"]
[EventDate "2008.05.10"]

1. e4 c5 2. Nf3 a6 3. d4 cxd4 4. Nxd4 Nf6 5. Nc3 e5 6. Nf3 Bb4 7. Bd2 Nc6 8.
Bc4 b5 9. Bb3 O-O 10. O-O d6 11. Re1 Be6 12. Nd5 Bxd2 13. Qxd2 Bg4 14. Re3 Bxf3
15. Nxf6+ Qxf6 16. Rxf3 Qe7 17. c3 Ra7 18. Rg3 Kh8 1/2-1/2

[Event "DEM U10/U10w 2008"]
[Site "Willingen GER"]
[Date "2008.05.17"]
[Round "11"]
[White "Donchenko, Alexander"]
[Black "Wagner, Robert"]
[Result "1-0"]
[Termination "normal"]
[Board "3"]
[WhiteElo "1814"]
[BlackElo "1561"]
[PlyCount "120"]
[WhiteFideId "24603295"]
[BlackFideId "24656879"]
[EventCountry "GER"]
[EventRounds "11"]
[EventType "swiss"]
[EventDate "2008.05.10"]

1. d4 Nf6 2. Nf3 d5 3. c4 e6 4. Nc3 c6 5. e3 Nbd7 6. Bd3 dxc4 7. Bxc4 Nb6 8.
Bd3 c5 9. O-O cxd4 10. Nxd4 Bc5 11. a3 O-O 12. b4 Bxd4 13. exd4 Nbd5 14. Nxd5
Qxd5 15. Re1 Rd8 16. Be3 Bd7 17. Rc1 Rac8 18. Rc5 Rxc5 19. bxc5 Bc6 20. f3 h6
21. Qc2 Qd7 22. Qf2 Nd5 23. Bd2 Nf6 24. Bc3 Qd5 25. Qc2 Qd7 26. Re5 Nd5 27. Bd2
Ne7 28. Bc3 Nd5 29. Bb2 Nf6 30. Qf2 Qc7 31. Re1 Qd7 32. Qg3 Qe7 33. Kh1 Nh5 34.
Qf2 Nf6 35. Bb1 Kh8 36. Qd2 Kg8 37. Bc3 Kf8 38. Qd3 Kg8 39. Qc2 Kf8 40. Qd3 Kg8
41. Bb4 Qd7 42. Bc3 Qe7 43. Qd2 Bd5 44. Bb2 Qc7 45. Bc3 Qe7 46. Qc2 Qd7 47. Ba5
Rc8 48. Qd2 Qe7 49. Bb4 Qd7 50. Bc2 Bc6 51. Qd3 Rd8 52. Bc3 Kf8 53. Rd1 Kg8 54.
Be1 Re8 55. Bg3 Bb5 56. Qd2 Bc6 57. Bd6 Kh8 58. Be5 Qe7 59. Qd3 Kg8 60. Bb1 Kf8
1-0

[Event "DEM U10/U10w 2008"]
[Site "Willingen GER"]
[Date "2008.05.17"]
[Round "11"]
[White "Sabirov, Ramil"]
[Black "Grigorian, Spartak"]
[Result "1-0"]
[Termination "normal"]
[Board "4"]
[WhiteElo "1270"]
[BlackElo "1795"]
[PlyCount "77"]
[WhiteFideId "12900303"]
[BlackFideId "24661490"]
[EventCountry "GER"]
[EventRounds "11"]
[EventType "swiss"]
[EventDate "2008.05.10"]

1. e4 c5 2. Nf3 d6 3. d4 cxd4 4. Nxd4 Nf6 5. Nc3 a6 6. Be2 e5 7. Nb3 Be7 8. O-O
O-O 9. Be3 Be6 10. Qd2 Nbd7 11. a4 Rc8 12. a5 Qc7 13. Rfc1 Rfd8 14. Nd5 Nxd5
15. exd5 Bf5 16. Ra4 Qb8 17. Rb4 Qa8 18. c4 Nf6 19. f3 Nd7 20. Bd3 Bxd3 21.
Qxd3 Nc5 22. Nxc5 dxc5 23. Rb3 Qb8 24. Rf1 Rd7 25. f4 exf4 26. Bxf4 Bd6 27.
Bxd6 Qxd6 28. Qf5 Rcd8 29. Rb6 Qe7 30. Kh1 g6 31. Qf4 Re8 32. Rf6 Qe2 33. h3
Qe7 34. d6 Qf8 35. Qg4 Red8 36. Qg5 Qg7 37. Rxf7 Qxb2 38. Qd5 Qd4 39. Rxd7+ 1-0

[Event "DEM U10/U10w 2008"]
[Site "Willingen GER"]
[Date "2008.05.17"]
[Round "11"]
[White "Kasel, Ronaldo"]
[Black "Richter, Leonard"]
[Result "1/2-1/2"]
[Termination "normal"]
[Board "5"]
[WhiteElo "1438"]
[BlackElo "1379"]
[PlyCount "40"]
[WhiteFideId "24660949"]
[BlackFideId "12900290"]
[EventCountry "GER"]
[EventRounds "11"]
[EventType "swiss"]
[EventDate "2008.05.10"]

1. e4 c6 2. d4 d5 3. e5 Bf5 4. Nc3 e6 5. Nf3 c5 6. Be3 Qb6 7. Rb1 Nc6 8. Be2 f6
9. exf6 Nxf6 10. O-O c4 11. Ne5 Nb4 12. Rc1 Be7 13. a3 Nc6 14. Rb1 O-O 15. Bg5
Rad8 16. Be3 Qc7 17. Nxc6 bxc6 18. Qd2 Bd6 19. f4 Ne4 20. Nxe4 Bxe4 1/2-1/2

[Event "DEM U10/U10w 2008"]
[Site "Willingen GER"]
[Date "2008.05.17"]
[Round "11"]
[White "Bach, Jannik"]
[Black "Manusina, Nicole"]
[Result "1/2-1/2"]
[Termination "normal"]
[Board "6"]
[WhiteElo "1642"]
[BlackElo "1601"]
[PlyCount "96"]
[WhiteFideId "24615900"]
[BlackFideId "24657514"]
[EventCountry "GER"]
[EventRounds "11"]
[EventType "swiss"]
[EventDate "2008.05.10"]

1. e4 c6 2. d4 d5 3. e5 Bf5 4. Ne2 e6 5. Ng3 Bg6 6. h4 h6 7. h5 Bh7 8. Bd3 Bxd3
9. Qxd3 Nd7 10. O-O c5 11. c3 Qc7 12. Be3 cxd4 13. cxd4 Ne7 14. Nc3 a6 15. Rac1
Nc6 16. f4 Be7 17. Nce2 Qb6 18. Qd2 Bb4 19. Nc3 Na5 20. b3 Rc8 21. Qd3 Bxc3 22.
Rxc3 O-O 23. f5 exf5 24. Nxf5 Nc6 25. Rxc6 Rxc6 26. Ne7+ Kh8 27. Nxc6 Qxc6 28.
Rc1 Qb6 29. Bf2 Qd8 30. Qf3 Nb6 31. Qc3 Qc8 32. Qd2 Qd7 33. Qb4 Rc8 34. Rxc8+
Nxc8 35. Qc3 Ne7 36. Qf3 Nc6 37. Kf1 Kg8 38. Ke1 b5 39. Kd2 Nb4 40. a3 Nc6 41.
Qc3 Kh7 42. Qd3+ Kg8 43. Qc3 Kh7 44. Qc5 Na5 45. Qc3 Nc6 46. Qd3+ Kh8 47. Qc3
Nd8 48. Qa5 Qc8 1/2-1/2

[Event "DEM U10/U10w 2008"]
[Site "Willingen GER"]
[Date "2008.05.17"]
[Round "11"]
[White "Myagkov, Kirill"]
[Black "Müller, Constantin"]
[Result "1-0"]
[Termination "normal"]
[Board "7"]
[WhiteElo "1582"]
[BlackElo "1275"]
[PlyCount "91"]
[WhiteFideId "24657042"]
[BlackFideId "24697630"]
[EventCountry "GER"]
[EventRounds "11"]
[EventType "swiss"]
[EventDate "2008.05.10"]

1. e4 e6 2. f4 g6 3. Nf3 Ne7 4. c3 Bg7 5. Na3 O-O 6. Nc2 c5 7. Be2 d6 8. d4
Nbc6 9. Be3 b6 10. O-O Bb7 11. Bd3 Rc8 12. f5 Qd7 13. fxe6 fxe6 14. Qd2 Kh8 15.
Bh6 Ng8 16. Bxg7+ Qxg7 17. Ng5 Qe7 18. Qe3 Nf6 19. Bc4 cxd4 20. cxd4 Na5 21. e5
Ng4 22. Rxf8+ Rxf8 23. exd6 Qf6 24. Rf1 Nxe3 25. Rxf6 Rxf6 26. Nxe3 Nxc4 27.
Nxc4 Rf8 28. Nxe6 Rb8 29. d7 Bd5 30. d8=Q+ Rxd8 31. Nxd8 Bxc4 32. Nc6 a6 33. b3
Bb5 34. Ne5 Kg7 35. Kf2 Kf6 36. a4 Be8 37. Ke3 b5 38. a5 Ke6 39. b4 h5 40. h4
Kf5 41. g3 Kf6 42. Ke4 Ke6 43. d5+ Kd6 44. Kd4 Kc7 45. Kc5 Bd7 46. Nxd7 1-0

[Event "DEM U10/U10w 2008"]
[Site "Willingen GER"]
[Date "2008.05.17"]
[Round "11"]
[White "Srokovskiy, Andrea"]
[Black "Xiong, Ferdinand"]
[Result "0-1"]
[Termination "normal"]
[Board "8"]
[WhiteElo "1528"]
[BlackElo "1500"]
[PlyCount "68"]
[WhiteFideId "4624947"]
[BlackFideId "24654132"]
[EventCountry "GER"]
[EventRounds "11"]
[EventType "swiss"]
[EventDate "2008.05.10"]

1. e4 c5 2. Nf3 a6 3. d4 cxd4 4. Nxd4 Nf6 5. Nc3 e5 6. Nb3 Bb4 7. Bd3 d5 8.
exd5 Nxd5 9. Bd2 Bxc3 10. Bxc3 Nxc3 11. bxc3 O-O 12. O-O Qc7 13. Qf3 Be6 14.
Rae1 Nd7 15. h3 f5 16. Qg3 Qxc3 17. Bxf5 Qc6 18. Bxe6+ Qxe6 19. Re4 Rac8 20.
Rc1 g6 21. h4 Qf5 22. Re2 Rc7 23. Rd2 Nf6 24. Qd3 Ne4 25. Re2 Nc3 26. Rd2 Qf6
27. Qg3 Ne4 28. Qd3 Nxd2 29. Qd5+ Rcf7 30. Qxd2 Qxh4 31. g3 Qf6 32. Rf1 Qf3 33.
Qh6 Rf5 34. Qd2 Rh5 0-1

[Event "DEM U10/U10w 2008"]
[Site "Willingen GER"]
[Date "2008.05.17"]
[Round "11"]
[White "Bluhm, Sonja Maria"]
[Black "Engert, Marvin"]
[Result "1-0"]
[Termination "normal"]
[Board "9"]
[WhiteElo "1520"]
[BlackElo "1271"]
[PlyCount "97"]
[WhiteFideId "24654027"]
[BlackFideId "12901164"]
[EventCountry "GER"]
[EventRounds "11"]
[EventType "swiss"]
[EventDate "2008.05.10"]

1. e4 e5 2. Nf3 Nc6 3. Bb5 d6 4. d4 exd4 5. Nxd4 Bd7 6. Nc3 Nf6 7. Bxc6 Bxc6 8.
Nxc6 bxc6 9. Qf3 Qd7 10. O-O Be7 11. Bf4 O-O 12. Rad1 Rab8 13. b3 Rfd8 14. h3
h6 15. Rfe1 Nh7 16. Qe3 Re8 17. Qxa7 Ra8 18. Qe3 Bf6 19. a4 Ng5 20. Bxg5 Bxg5
21. Qd3 Bf6 22. Ne2 Ra5 23. Ng3 Rg5 24. Nf5 d5 25. f4 Rg6 26. e5 Bd8 27. a5 c5
28. a6 c6 29. Nd6 Bb6 30. Kh2 Ra8 31. Ra1 Qe7 32. g4 c4 33. bxc4 dxc4 34. Nxc4
Bf2 35. Rf1 Qh4 36. Qf3 Bd4 37. Ra2 h5 38. gxh5 Rh6 39. Qg4 Rxh5 40. Qxh4 Rxh4
41. Kg3 Rh6 42. Rb1 Kf8 43. Nb6 Ra7 44. Nc8 Ra8 45. a7 Bxa7 46. Nxa7 Ke7 47.
Nxc6+ Rxc6 48. Rxa8 Rxc2 49. Ra7+ 1-0

[Event "DEM U10/U10w 2008"]
[Site "Willingen GER"]
[Date "2008.05.17"]
[Round "11"]
[White "Mager, Denis"]
[Black "Bilchinski, Anton"]
[Result "0-1"]
[Termination "normal"]
[Board "10"]
[WhiteElo "1145"]
[BlackElo "1477"]
[PlyCount "136"]
[WhiteFideId "24691127"]
[BlackFideId "24615765"]
[EventCountry "GER"]
[EventRounds "11"]
[EventType "swiss"]
[EventDate "2008.05.10"]

1. d4 Nf6 2. c4 g6 3. Nc3 Bg7 4. Bf4 d6 5. h3 O-O 6. e3 c6 7. Nf3 Nbd7 8. Bh2
a6 9. Be2 b5 10. O-O Bb7 11. Re1 Qb6 12. Qd3 Rfe8 13. Rac1 e5 14. dxe5 dxe5 15.
Nd2 Rad8 16. Qc2 Nc5 17. Nb3 Nfd7 18. Ne4 Nxe4 19. Qxe4 c5 20. Qc2 b4 21. Nd2
f5 22. Nb3 Nf6 23. Red1 a5 24. Rxd8 Rxd8 25. Bxe5 Be4 26. Bd3 Rxd3 27. f3 Rd5
28. fxe4 Rxe5 29. exf5 Rxf5 30. Rd1 Re5 31. Kf2 Ne4+ 32. Kg1 Ng5 33. Qd2 Nf7
34. Qd3 Bh6 35. Re1 Qe6 36. Nxa5 Rxe3 37. Rxe3 Qxe3+ 38. Qxe3 Bxe3+ 39. Kf1 Bd4
40. b3 Ne5 41. Nb7 Nd3 42. Nd6 Nc1 43. Nb5 Bg7 44. Nd6 Nxa2 45. Ne4 Bd4 46. Ke1
Nc1 47. Nd2 Bc3 48. Kd1 Bxd2 49. Kxd2 Nxb3+ 50. Kc2 Na5 51. Kd3 Kf7 52. g3 Ke6
53. h4 h5 54. Kc2 Nxc4 55. Kb3 Nb6 56. Kc2 c4 57. Kb2 Kd5 58. g4 Na4+ 59. Ka2
Kd4 60. gxh5 gxh5 61. Kb1 b3 62. Ka1 Kd3 63. Kb1 c3 64. Ka1 b2+ 65. Kb1 c2+ 66.
Ka2 b1=Q+ 67. Ka3 Qb5 68. Ka2 Qb2# 0-1

[Event "DEM U10/U10w 2008"]
[Site "Willingen GER"]
[Date "2008.05.17"]
[Round "11"]
[White "Nobis, Anna"]
[Black "Hirschmann, Jakob"]
[Result "0-1"]
[Termination "normal"]
[Board "11"]
[WhiteElo "1189"]
[BlackElo "1335"]
[PlyCount "132"]
[WhiteFideId "1270302"]
[BlackFideId "24652067"]
[EventCountry "GER"]
[EventRounds "11"]
[EventType "swiss"]
[EventDate "2008.05.10"]

1. e4 e6 2. d4 d5 3. Nc3 Bb4 4. exd5 exd5 5. Bd3 Ne7 6. a3 Bxc3+ 7. bxc3 Nbc6
8. Ne2 Bf5 9. O-O O-O 10. Bg5 f6 11. Bh4 Re8 12. Rb1 Rb8 13. Re1 Qd7 14. c4
Bxd3 15. Qxd3 dxc4 16. Qxc4+ Kh8 17. Nc3 Qxd4 18. Re4 Qxc4 19. Rxc4 Nf5 20. Nd5
Nxh4 21. Rxh4 Rbc8 22. h3 b6 23. Rc4 Red8 24. Nxf6 Na5 25. Rf4 gxf6 26. Rxf6
Rd2 27. c3 Kg7 28. Re6 Rf8 29. f3 Rc2 30. Rbe1 Rxc3 31. Re7+ Rf7 32. R7e4 h6
33. Rg4+ Kh7 34. a4 Rc2 35. Re6 Rg7 36. Rxg7+ Kxg7 37. Re4 Rc4 38. Re7+ Kf6 39.
Rd7 a6 40. Rd3 Rxa4 41. Rc3 Rc4 42. Rd3 b5 43. Rd2 b4 44. Kf2 b3 45. Ke2 Nc6
46. Rb2 Rc2+ 47. Rxc2 bxc2 48. Kd2 Nb4 49. f4 Kf5 50. g3 a5 51. Kc1 a4 52. Kb2
a3+ 53. Kxa3 c1=Q+ 54. Kxb4 c5+ 55. Kb3 Qb1+ 56. Kc4 Qb4+ 57. Kd5 Qd4+ 58. Kc6
c4 59. g4+ Kxf4 60. g5 Kxg5 61. h4+ Kxh4 62. Kc7 c3 63. Kc6 c2 64. Kc7 c1=Q+
65. Kb7 Qdb2+ 66. Ka6 Qca1# 0-1

[Event "DEM U10/U10w 2008"]
[Site "Willingen GER"]
[Date "2008.05.17"]
[Round "11"]
[White "Wanner, Lukas"]
[Black "Wendland, Tobias"]
[Result "0-1"]
[Termination "normal"]
[Board "12"]
[WhiteElo "1001"]
[BlackElo "1314"]
[PlyCount "104"]
[WhiteFideId "12918148"]
[BlackFideId "24662267"]
[EventCountry "GER"]
[EventRounds "11"]
[EventType "swiss"]
[EventDate "2008.05.10"]

1. d4 d5 2. Nf3 Nf6 3. Bf4 e6 4. e3 c5 5. c4 Nc6 6. Nc3 Qb6 7. b3 cxd4 8. exd4
Bb4 9. Rc1 Ne4 10. Bd2 Nxd2 11. Qxd2 O-O 12. Be2 Rd8 13. c5 Qa5 14. O-O e5 15.
a4 Bg4 16. Qg5 Bxf3 17. Bxf3 Bxc3 18. dxe5 Bd2 19. Qg3 Bxc1 20. Rxc1 Nd4 21.
Bh5 Qd2 22. Rf1 Ne2+ 23. Bxe2 Qxe2 24. f4 d4 25. Re1 Qc2 26. Qf3 Qc3 27. Qxc3
dxc3 28. Kf2 Rd2+ 29. Ke3 Rad8 30. Ke4 Rd1 31. Re3 c2 32. Rc3 c1=Q 33. Rxc1
Rxc1 34. b4 Rc4+ 35. Kf3 Rxb4 36. h4 Rxa4 37. Kg4 b5 38. cxb6 axb6 39. Kg5 b5
40. g4 b4 41. h5 b3 42. f5 b2 43. f6 b1=Q 44. fxg7 h6+ 45. Kf6 Qf1+ 46. Ke7
Rda8 47. g5 Re4 48. Kd6 Ra6+ 49. Kd7 Qd3+ 50. Kc7 Rc4+ 51. Kb7 Qb3+ 52. Kxa6
Ra4# 0-1

[Event "DEM U10/U10w 2008"]
[Site "Willingen GER"]
[Date "2008.05.17"]
[Round "11"]
[White "Hoppe, Jonas"]
[Black "Baskin, Robert"]
[Result "0-1"]
[Termination "normal"]
[Board "13"]
[WhiteElo "1280"]
[BlackElo "1186"]
[PlyCount "78"]
[BlackFideId "24662402"]
[EventCountry "GER"]
[EventRounds "11"]
[EventType "swiss"]
[EventDate "2008.05.10"]

1. e4 e6 2. d4 d5 3. Nc3 Bb4 4. e5 c5 5. Bd2 cxd4 6. Nb5 Bxd2+ 7. Qxd2 Ne7 8.
Nd6+ Kf8 9. O-O-O Ng6 10. f4 Nc6 11. Nf3 Qa5 12. Qxa5 Nxa5 13. Ng5 f6 14. Nxc8
fxg5 15. Nd6 gxf4 16. Rxd4 Nxe5 17. Rxf4+ Ke7 18. Nb5 a6 19. Nc3 Nac6 20. Be2
g5 21. Rf2 Rhf8 22. Rhf1 b5 23. Rxf8 Rxf8 24. Rxf8 Kxf8 25. Kd2 Ke7 26. Nxb5
axb5 27. Bxb5 Nd4 28. Bd3 Nxd3 29. Kxd3 e5 30. c3 Nc6 31. b4 Kd6 32. a4 h5 33.
h3 e4+ 34. Ke3 Ke5 35. a5 Na7 36. g3 h4 37. g4 Nb5 38. a6 Na7 39. b5 Nxb5 0-1

[Event "DEM U10/U10w 2008"]
[Site "Willingen GER"]
[Date "2008.05.17"]
[Round "11"]
[White "Keller, Peter"]
[Black "Schmid, Floyd"]
[Result "1-0"]
[Termination "normal"]
[Board "14"]
[WhiteElo "1217"]
[BlackElo "1156"]
[PlyCount "187"]
[WhiteFideId "1272105"]
[BlackFideId "24686069"]
[EventCountry "GER"]
[EventRounds "11"]
[EventType "swiss"]
[EventDate "2008.05.10"]

1. b3 e5 2. Bb2 Nc6 3. e3 d6 4. Bb5 Bd7 5. Ne2 a6 6. Bxc6 Bxc6 7. O-O Nf6 8. d4
Qe7 9. c4 b5 10. Nbc3 g6 11. d5 Bd7 12. e4 Bg7 13. Qd3 Rb8 14. Rfe1 O-O 15.
Rad1 b4 16. Nb1 Nh5 17. Ng3 Nf4 18. Qf3 h5 19. h3 c5 20. Ne2 Nxe2+ 21. Qxe2 f5
22. f3 Qg5 23. Bc1 f4 24. Kf1 Bf6 25. Qf2 Kh7 26. Ke2 a5 27. Rh1 h4 28. Bd2 a4
29. Be1 axb3 30. axb3 Ra8 31. Kd3 Ra1 32. Rc1 Rfa8 33. Bd2 R8a2 34. Rc2 Rxc2
35. Kxc2 Ra2+ 36. Kc1 Qh6 37. Re1 Qf8 38. Re2 Qa8 39. Be1 Ra1 40. Rb2 Qa3 41.
Qc2 g5 42. Bf2 Qa8 43. Qe2 Kh6 44. Kc2 Ra2 45. Kc1 Ra1 46. Qc2 Kg6 47. Kd1 Kh6
48. Kd2 Kg6 49. Bg1 Kh6 50. Ke2 Kg6 51. Kf2 Kh6 52. Nd2 Kg6 53. Rb1 Ra2 54. Rb2
Ra1 55. Nb1 Kh6 56. Ke2 Kg6 57. Kd2 Kh6 58. Kc1 Kg6 59. Bf2 Kh6 60. Qe2 Kg6 61.
Kd1 Kh6 62. Qd2 Kg6 63. Kc1 Kh6 64. Kd1 Kg6 65. Ke2 Kh6 66. Kd3 Kg6 67. Qc2 Kh6
68. Nd2 Kg6 69. Ke2 Kh6 70. Nf1 Kg6 71. Nh2 Kg7 72. Ng4 Bxg4 73. fxg4 Kg6 74.
Be1 Kg7 75. Bd2 Rg1 76. Ra2 Qc8 77. Kf2 Rh1 78. Be1 f3 79. Qd1 Qf8 80. Qxf3 Be7
81. Qxf8+ Kxf8 82. Re2 Kg7 83. g3 Rh2+ 84. Kf3 Rxe2 85. Kxe2 hxg3 86. Bxg3 Kg6
87. Kf3 Kf7 88. Kg2 Kg6 89. Bf2 Kf7 90. h4 gxh4 91. Kh3 Kg6 92. Bxh4 Bxh4 93.
Kxh4 Kh6 94. g5+ 1-0

[Event "DEM U10/U10w 2008"]
[Site "Willingen GER"]
[Date "2008.05.17"]
[Round "11"]
[White "Berkov, Mikhail"]
[Black "Riehle, Marco"]
[Result "1-0"]
[Termination "normal"]
[Board "15"]
[WhiteElo "1402"]
[BlackElo "1000"]
[PlyCount "77"]
[WhiteFideId "24678783"]
[BlackFideId "12904392"]
[EventCountry "GER"]
[EventRounds "11"]
[EventType "swiss"]
[EventDate "2008.05.10"]

1. e4 e5 2. Nf3 Nc6 3. Bb5 a6 4. Ba4 Nf6 5. O-O Be7 6. Re1 b5 7. Bb3 O-O 8. d3
d5 9. exd5 Nxd5 10. Nxe5 Nxe5 11. Rxe5 Nf6 12. Re1 Bd6 13. f3 Re8 14. Nc3 Bc5+
15. Kh1 Bb7 16. Ne4 Nxe4 17. dxe4 Qf6 18. c3 Qh4 19. Be3 Bd6 20. Bg1 Rad8 21.
Qe2 Bf4 22. Rad1 Bg3 23. Rxd8 Rxd8 24. Rd1 Rc8 25. Rd7 Rf8 26. Rd1 c5 27. Bd5
Bxd5 28. Rxd5 c4 29. h3 h6 30. Rd2 Re8 31. Bf2 f5 32. Bxg3 Qxg3 33. Rd4 Kf7 34.
Qd2 g5 35. Rd7+ Kg8 36. Qd5+ Kh8 37. Qf7 Re7 38. Rd8+ Re8 39. Rxe8# 1-0

[Event "DEM U10/U10w 2008"]
[Site "Willingen GER"]
[Date "2008.05.17"]
[Round "11"]
[White "Birnkraut, Tim"]
[Black "Wiesner, Paula"]
[Result "0-1"]
[Termination "normal"]
[Board "16"]
[WhiteElo "1235"]
[BlackElo "1364"]
[PlyCount "62"]
[WhiteFideId "24609587"]
[BlackFideId "24654019"]
[EventCountry "GER"]
[EventRounds "11"]
[EventType "swiss"]
[EventDate "2008.05.10"]

1. e4 e5 2. Nf3 Nf6 3. Nxe5 d6 4. Nf3 Nxe4 5. Nc3 Nxc3 6. dxc3 Be7 7. Be3 O-O
8. Qd2 Be6 9. Nd4 Bd7 10. O-O-O c5 11. Nf3 Be6 12. c4 a6 13. Ng5 Bd7 14. h4 b5
15. Qd3 g6 16. f4 Bf5 17. Qd5 Nd7 18. Qd2 Qb6 19. Rg1 h5 20. Re1 Rfe8 21. Qd5
Rf8 22. Bxc5 Nxc5 23. Rxe7 Ra7 24. Rxa7 Qxa7 25. Qxd6 bxc4 26. Qd4 Nb3+ 27.
axb3 Qxd4 28. Rh1 Qxf4+ 29. Kb1 cxb3 30. Bd3 Bxd3 31. cxd3 Qa4 0-1

[Event "DEM U10/U10w 2008"]
[Site "Willingen GER"]
[Date "2008.05.17"]
[Round "11"]
[White "Hösch, Peter"]
[Black "Palm, Sören"]
[Result "0-1"]
[Termination "normal"]
[Board "17"]
[WhiteElo "1340"]
[BlackElo "1261"]
[PlyCount "100"]
[BlackFideId "12925853"]
[EventCountry "GER"]
[EventRounds "11"]
[EventType "swiss"]
[EventDate "2008.05.10"]

1. Nf3 e6 2. c4 Nf6 3. Nc3 c5 4. g3 d5 5. d4 cxd4 6. Nxd4 a6 7. Bg5 Nbd7 8.
cxd5 exd5 9. Nxd5 Nxd5 10. Bxd8 Bb4+ 11. Qd2 Bxd2+ 12. Kxd2 Kxd8 13. Bg2 N7f6
14. Rac1 Rb8 15. Rc5 Ne7 16. Rhc1 Be6 17. Nxe6+ fxe6 18. Rc7 Nfd5 19. Bxd5 exd5
20. R7c3 Kd7 21. Rd3 Ke8 22. Re3 Rf8 23. Rc7 Rf7 24. f3 Kf8 25. Re5 g6 26. Kd3
Nc6 27. Rxf7+ Kxf7 28. Rg5 h6 29. Rg4 Ne5+ 30. Kd4 Nxg4 31. fxg4 Re8 32. e3 Ke6
33. e4 dxe4 34. Kxe4 Kd6+ 35. Kf3 Rc8 36. g5 h5 37. g4 h4 38. Kg2 Rc2+ 39. Kh3
Rxb2 40. Kxh4 Rxh2+ 41. Kg3 Rxa2 42. Kf4 Rc2 43. Ke4 b5 44. Kd4 b4 45. Kd3 b3
46. Kd4 b2 47. Kd3 b1=Q 48. Kd4 Qd1+ 49. Ke3 Qe2+ 50. Kd4 Rc4# 0-1

[Event "DEM U10/U10w 2008"]
[Site "Willingen GER"]
[Date "2008.05.17"]
[Round "11"]
[White "Greßmann, Moritz"]
[Black "Dürr, Florian"]
[Result "0-1"]
[Termination "normal"]
[Board "18"]
[WhiteElo "1172"]
[BlackElo "1325"]
[PlyCount "124"]
[WhiteFideId "24695084"]
[BlackFideId "24659134"]
[EventCountry "GER"]
[EventRounds "11"]
[EventType "swiss"]
[EventDate "2008.05.10"]

1. e4 e6 2. d4 d5 3. exd5 exd5 4. Bd3 Bd6 5. Ne2 Ne7 6. O-O c6 7. Bf4 Bf5 8.
Re1 O-O 9. Bxd6 Qxd6 10. Ng3 Bxd3 11. Qxd3 Nd7 12. Nd2 Rfe8 13. Re2 Ng6 14.
Rxe8+ Rxe8 15. Nf3 Nf4 16. Qd2 Nb6 17. Re1 Rxe1+ 18. Qxe1 Qe6 19. Qxe6 Nxe6 20.
c3 Na4 21. Nd2 Nxb2 22. Nf5 Nf4 23. Kf1 Kf8 24. g3 Ne6 25. h4 g6 26. Ne3 Ke7
27. Ke2 Nc7 28. Nb3 Nb5 29. Kd2 Na4 30. Nd1 Nd6 31. Ke3 Ne4 32. Kd3 b6 33. Nd2
Nxd2 34. Kxd2 Kd6 35. Ne3 Nb2 36. Kc2 Nc4 37. Nxc4+ dxc4 38. Kd2 a5 39. Kc2 b5
40. Kb2 c5 41. dxc5+ Kxc5 42. Kc2 b4 43. Kb2 b3 44. a3 Kd5 45. f3 h5 46. Kc1 f5
47. Kd2 Ke6 48. Kd1 f4 49. gxf4 Kf5 50. a4 Kxf4 51. Kd2 Kxf3 52. Kd1 Kg3 53.
Kd2 Kxh4 54. Kd1 Kg3 55. Kd2 h4 56. Kc1 h3 57. Kd1 Kf3 58. Kc1 h2 59. Kd2 g5
60. Kc1 h1=Q+ 61. Kd2 b2 62. Kc2 Qc1# 0-1